00518nam a2200157Ia 450000500170000000800410001708200130005810000250007124500370009626000440013330000120017750000550018994200060024495200950025099900150034520250703160426.0240331s9999 xx 000 0 und d bJAYa920 aJayawardena,W.M.R.B. 0aNidahas Sri Lankawe agamathiwaru aSri LankabRan Bandara Publishersc1988 a60 p ., aA book of Prime Ministers of Independent Sri Lanka cL 001040708LaWERCLbWERCLcSSCd2024-03-31l0o 920 JAYp3425r2024-03-31w2024-03-31yL c5304d5304